Studies in Human Ecology (Record no. 484)

MARC details
000 -LEADER
fixed length control field 00579nam a2200145 a 4500
008 - FIXED-LENGTH DATA ELEMENTS--GENERAL INFORMATION
fixed length control field 121016s1961 ||||||||||||||||| || u
050 ## - LIBRARY OF CONGRESS CALL NUMBER
Classification number HM 206 STU
100 ## - MAIN ENTRY--PERSONAL NAME
Personal name Theodorson, George A
245 10 - TITLE STATEMENT
Title Studies in Human Ecology
Statement of responsibility, etc. edited by George A. Theoedorson
260 ## - PUBLICATION, DISTRIBUTION, ETC.
Place of publication, distribution, etc. New York :
Name of publisher, distributor, etc. Row, Peterson And Company
Date of publication, distribution, etc. 1961
300 ## - PHYSICAL DESCRIPTION
Extent xii, 626p.: ill.
650 ## - SUBJECT ADDED ENTRY--TOPICAL TERM
Topical term or geographic name entry element HUMAN BEINGS--EFFECTS OF ENVIRONMENT ON
650 #0 - SUBJECT ADDED ENTRY--TOPICAL TERM
Topical term or geographic name entry element HUMAN ECOLOGY
995 ## -
-- SPECIAL COLLECTIONS
-- 500237
-- CBU-DAG HAMMARSKJOLD INSTITUTE LIBRARY
-- DAG HM 206 STU
-- 1
-- AVAILABLE
-- Jan 9, 2013
-- 500237
-- DHIPS Book Collection
999 ## -
-- 484
-- 484
Holdings
Withdrawn status Lost status Source of classification or shelving scheme Damaged status Not for loan Permanent Location Current Location Shelving location Date acquired Total Checkouts Full call number Barcode Date last seen Price effective from Koha item type
          CBU-DAG HAMMARSKJOLD INSTITUTE CBU-DAG HAMMARSKJOLD INSTITUTE   11/28/2022   HM 206 STU 500237 11/28/2022 11/28/2022 MONOGRAPH